Get creative : let's start knitting

Bibliographic Details
Format: Book
Subjects:

MARC

LEADER 00000cam a2200000 7i4500
001 0000074297
005 20170720.0
008 170720
020 |a 9781920954031 
090 0 0 |a 746.432   |b GET 
245 1 0 |a Get creative :   |b let's start knitting 
300 |a 31p. 
650 0 |a Knitting 
999 |a 000129963   |b Book   |c Adult Collection   |e Cawangan Bandar Penawar